Venom Quiz (SPOILERS) - Statistics

General Stats
  • This quiz has been taken 46 times
  • The average score is 4 of 7
Answer Stats
Actor Role % Correct
Tom Hardy Eddie Brock/Venom
100%
Riz Ahmed Carlton Drake/Riot
75%
Woody Harrelson Cletus Kasady
67%
Peggy Lu Mrs. Chen
56%
Michelle Williams Anne Weying
53%
Reid Scott Dr. Dan Lewis
42%
Jenny Slate Dr. Dora Skirth
33%
No matching quizzes found
Score Distribution
Percent of People with Each Score
Percentile by Number Answered
Your Score History
You have not taken this quiz